000 00436cam a2200193ua 4500
001 8589
005 20260515114343.0
008 150206n ii |||gr||||Z||||||eng
040 _cMAIN
041 _aeng
082 _a425
100 _aMisra, A. Kr.,
_eAuthor.,
245 1 _aAvoid errors
_cBy Ajit Kr. Misra
250 _a2nd.
260 _aGuwahati:
_bLakshya,
_c1998.
300 _a87p.
653 _aEnglish grammar
942 _cBK
999 _c7683
_d7683